Nikshaiit lavaniya a pani ke Sinchi ke liye upayoge (Record no. 2637)

MARC details
000 -LEADER
fixed length control field 00220nam a22000977a 4500
041 ## - LANGUAGE CODE
Language code of text/sound track or separate title ENG
245 ## - TITLE STATEMENT
Title Nikshaiit lavaniya a pani ke Sinchi ke liye upayoge
260 ## - PUBLICATION, DISTRIBUTION, ETC. (IMPRINT)
Place of publication, distribution, etc Delhi
Name of publisher, distributor, etc ICER
Date of publication, distribution, etc 1986
650 ## - SUBJECT ADDED ENTRY--TOPICAL TERM
Topical term or geographic name as entry element GAE
856 ## - ELECTRONIC LOCATION AND ACCESS
Uniform Resource Identifier GAE
Holdings
Withdrawn status Lost status Source of classification or shelving scheme Damaged status Not for loan Home library Current library Shelving location Date acquired Total Checkouts Barcode Date last seen Price effective from Koha item type
    Dewey Decimal Classification     College of Agricultural Engineering and Technology, Dapoli , Library College of Agricultural Engineering and Technology, Dapoli , Library Book Cart 03/11/2021   003249 03/11/2021 03/11/2021 Books

Contact Us: College of Agricultural Engineering and Technology, Dapoli, Dist.- Ratnagiri
Website: https://dbskkv.org Email: caetlibrary2015@gmail.com